01728cam a22004214i 4500003000900000005001700009008004100026020001500067020001800082035002000100040003300120041001300153082001900166100003200185245013100217250002300348264007800371300003800449336002100487337002500508338002300533505054800556526001001104526001001114526001001124526001001134526000801144526000801152526000801160526000801168526000801176526000801184526000801192534004301200650002201243650001201265700002901277PE-LiUPU20251226105854.0171016s2010 ag rb 001 0 spa d a9875674583 a9789875674585 a(Sirsi) a239789 aPE-LiUPUbspacPE-LiUPUerda1 aspaheng04a248.5bW75223 aWong, Mary Hui-Tze,eautor.10aBajo la sombra :buna historia de salvaciones milagrosas y de la mano protectora de Dios /cMary Hui-Tze Wong, Maylan Schurch. aPrimera edición. 1aBuenos Aires, Argentina :bAsociación Casa Editora Sudamericana,c2010. a144 páginas ;c21 centímetros atext2rdacontent aunmediated2rdamedia avolume2rdacarrier0 aNiña Novia -- Sobrevivimos a la muerte negra -- El Nacimiento de Yun Foh y su primera Niñez -- Encuentro en Au Mi san -- Alumno radical -- De la Sombra de la muerte a una luz mayor -- Preparación para Servir al Maestro -- Misionero en la Tierra de los Cazadores de cabezas -- Sarawak -- Invalidos por aire y por mar -- Ocupación enemiga -- Cuando la muerte llovía del cielo -- ¡Liberación! -- Un Paso adelante de la marea Roja -- En Servicio Activo -- Alegría y Sacrificio en Singapur -- Escape de Vietnam -- Ocaso y atardecer. aSEG42 aSEG41 aSEG40 aSEG39 aP94 aP87 aP86 aP85 aP77 aP76 aP35 pTítulo Original :tUnder the shadow.10aTestimonio de fe.24aMuerte.1 aSchurch, Maylan,eautor.